LIBRARY & INFORMATION CENTRE, KCAET, TAVANUR

ONLINE PUBLIC ACCESS CATALOGUE (OPAC)

Water management / (Record no. 2205)

MARC details
000 -LEADER
fixed length control field 00500cam a2200205ua 4500
003 - CONTROL NUMBER IDENTIFIER
control field OSt
008 - FIXED-LENGTH DATA ELEMENTS--GENERAL INFORMATION
fixed length control field 250812b |||||||| |||| 00| 0 eng d
020 ## - INTERNATIONAL STANDARD BOOK NUMBER
ISBN 81-85167-31-1
041 ## - LANGUAGE CODE
Language code of text/sound track or separate title eng
082 ## - DEWEY DECIMAL CLASSIFICATION NUMBER
Classification number 627.02
Item number JAS/WA
100 ## - MAIN ENTRY--AUTHOR NAME
Personal name Jaspal, Singh .
245 ## - TITLE STATEMENT
Title Water management /
250 ## - EDITION STATEMENT
Edition statement 1 /
260 ## - PUBLICATION, DISTRIBUTION, ETC. (IMPRINT)
Place of publication :
Name of publisher Himanshu publications ,
Year of publication 1990.
300 ## - PHYSICAL DESCRIPTION
Number of Pages 288 ; .
500 ## - GENERAL NOTE
General note ** Reference
700 1# - ADDED ENTRY--PERSONAL NAME
Personal name Acharya, M.S .
700 1# - ADDED ENTRY--PERSONAL NAME
Personal name Arun, Sharma .
942 ## - ADDED ENTRY ELEMENTS (KOHA)
Koha item type Books
Holdings
Withdrawn status Lost status Damaged status Home library Current library Date acquired Full call number Accession Number Koha item type
      KAUAET KAUAET 07/04/2012 627.02 JAS/WA 17861 Books
      KAUAET KAUAET 07/04/2012 627.02 JAS/WA 19471 Reference
free website counter